00787cam a2200229u 450000100060000000300080000600500170001400800410003103500190007204000270009104100080011808200220012610000180014811000560016624500270022226000620024930000210031165000550033294200120038799900170039995201410041616044BD-RjUL20211208235936.0821206r19791978nyu 000 0 eng d a(BD-RjUL)16099 aDLCcCarPdBD-RjUbeng aeng a631.71bRAO 1979 aRama, 9496752 aTax Foundation, New York. [from old catalog]94968600aOur water resources / aNew delhi :c1978 [reprinted 1979].bNational Book Trust, a115 p. :c28 cm. 0aWater resources developmentzUnited States.949677 2ddccBK c16044d16044 00102ddc40718NFICaRUCLbRUCLcReadingd1986-02-27easia foundationl0o631.71 RAO 1979r2014-02-11 00:00:00tC-1w2014-02-11yBK